Future of project management (Record no. 116177)

MARC details
000 -LEADER
fixed length control field 01581cad a22002535a 4500
001 - CONTROL NUMBER
control field L160046
008 - FIXED-LENGTH DATA ELEMENTS--GENERAL INFORMATION
fixed length control field 080311s2017 xxk d f 001 0 eng d
035 ## - SYSTEM CONTROL NUMBER
System control number (Sirsi) u160046
041 0# - LANGUAGE CODE
Language code of text/sound track or separate title eng
050 04 - LIBRARY OF CONGRESS CALL NUMBER
Classification number 658.404 $2 22
110 1# - MAIN ENTRY--CORPORATE NAME
Corporate name or jurisdiction name as entry element Arup
9 (RLIN) 4773
245 00 - TITLE STATEMENT
Title Future of project management
260 ## - PUBLICATION, DISTRIBUTION, ETC.
Place of publication, distribution, etc. London
Name of publisher, distributor, etc. Arup
Date of publication, distribution, etc. 2017
300 ## - PHYSICAL DESCRIPTION
Extent xvii, 520p.
Dimensions 25cm.
520 ## - SUMMARY, ETC.
Summary, etc. Future of Project Management is a partnership and collaboration between Arup, The Bartlett School of Construction and Project Management at UCL, and the Association for Project Management, with crowd-sourced inputs from the global project management community. It is a compilation of best practice, emerging trends, and forward thinking, an interactive site for debate about change in the project management profession, and a roadmap for future academic and professional research. It is presented in three sections that set the context for the future through emerging megatrends, then imagine that future through the eyes of clients delivering projects, and finally outline plans and priorities for future action and research.
521 2# - TARGET AUDIENCE NOTE
Target audience note Advanced
651 #4 - SUBJECT ADDED ENTRY--GEOGRAPHIC NAME
Geographic name United Kingdom
Chronological subdivision
690 ## - LOCAL SUBJECT ADDED ENTRY--TOPICAL TERM (OCLC, RLIN)
Topical term or geographic name as entry element Project management
9 (RLIN) 6261
710 1# - ADDED ENTRY--CORPORATE NAME
Corporate name or jurisdiction name as entry element Association for Project Management
9 (RLIN) 3835
710 1# - ADDED ENTRY--CORPORATE NAME
Corporate name or jurisdiction name as entry element University College London Bartlett School of Planning
9 (RLIN) 4662
856 40 - ELECTRONIC LOCATION AND ACCESS
Uniform Resource Identifier <a href="https://www.driversofchange.com/download/2965/">https://www.driversofchange.com/download/2965/</a>
Public note View the item at www.driversofchange.com
856 48 - ELECTRONIC LOCATION AND ACCESS
Uniform Resource Identifier <a href="https://www.driversofchange.com/projects/future-of-project-management/">https://www.driversofchange.com/projects/future-of-project-management/</a>
Public note View the item at www.driversofchange.com
942 ## - ADDED ENTRY ELEMENTS (KOHA)
Suppress in OPAC 0
Holdings
Withdrawn status Lost status Source of classification or shelving scheme Damaged status Not for loan Home library Current library Shelving location Date acquired Total Checkouts Full call number Barcode Date last seen Copy number Price effective from Koha item type
    Dewey Decimal Classification     Virtual Virtual Online 23/04/2018   ONLINE PUBLICATION 160046-2001 06/08/2019 1 06/08/2019 Book